UBT Library

THE ENJOYMENT OF MUSIC (Record no. 28719)

000 -LEADER
fixed length control field 00291nam a22001337a 4500
008 - FIXED-LENGTH DATA ELEMENTS--GENERAL INFORMATION
fixed length control field 170921b xxu||||| |||| 00| 0 eng d
020 ## - INTERNATIONAL STANDARD BOOK NUMBER
International Standard Book Number 2900393978796
041 ## - LANGUAGE CODE
Language code of text/sound track or separate title eng
080 ## - UNIVERSAL DECIMAL CLASSIFICATION NUMBER
Universal Decimal Classification number 78
100 ## - Rafti
Rafti 45
101 ## - Shkurtesa
Shkurtesa MUZ
245 ## - TITLE STATEMENT
Title THE ENJOYMENT OF MUSIC
Statement of responsibility, etc MACHLIS, J
942 ## - ADDED ENTRY ELEMENTS (KOHA)
Source of classification or shelving scheme
Item type Books
Holdings
Withdrawn status Lost status Source of classification or shelving scheme Damaged status Not for loan Collection code Permanent location Current location Shelving location Date acquired Total Checkouts Full call number Barcode Date last seen Price effective from Koha item type
          Koleksioni i përgjithshem UBT - Lipjan UBT - Lipjan Koleksioni i përgjithshem 09/21/2017   78 MACH 002-2927088 09/21/2017 09/21/2017 Books
UBT Library © 2015-2024. All rights reserved University Education for Business and Technology